IPO ako príležitosť pre slovenské firmy

IPO (Initial public offering) ako jeden z nástrojov na získavanie kapitálu pre ďalší rozvoj firmy. Kótovanie spoločnosti na burze cenných papierov. Due dilligence. Formulovanie equity story. Prínosy IPO. Záťaž pre spoločnosť a riziká spojené s IPO. Situácia na BCPB a okolitých burzách.

Salvato in:
Dettagli Bibliografici
Autore principale: Chrenková, Jana, 1980-
Natura: Capitolo di libro
Lingua:slovacco
Soggetti:
Tags: Aggiungi Tag
Nessun Tag, puoi essere il primo ad aggiungerne!!

MARC

LEADER 00000naa$a2200000$$$4500
001 0114282
005 20231116085935.7
041 0 |a slo 
044 |a SK 
245 1 0 |a IPO ako príležitosť pre slovenské firmy  |c Jana Chrenková 
520 |a IPO (Initial public offering) ako jeden z nástrojov na získavanie kapitálu pre ďalší rozvoj firmy. Kótovanie spoločnosti na burze cenných papierov. Due dilligence. Formulovanie equity story. Prínosy IPO. Záťaž pre spoločnosť a riziká spojené s IPO. Situácia na BCPB a okolitých burzách. 
610 2 0 |a burzy cenných papierov 
610 2 0 |a kótovanie 
610 2 0 |a investori 
610 2 0 |a investovanie 
610 2 0 |a trh kapitálový 
610 2 0 |a Slovensko 
610 2 0 |a firmy 
100 1 |a Chrenková, Jana, 1980-